Vista normal
Vista MARC
Entrada Materia (personas)
Número de registros utilizados en: 2
001 - CONTROL NUMBER
- control field: 29725
003 - CONTROL NUMBER IDENTIFIER
- control field: Co-BoUCM
005 - DATE AND TIME OF LATEST TRANSACTION
- control field: 20130221152215.0
008 - FIXED-LENGTH DATA ELEMENTS
- fixed length control field: 130221|| aca||aabn | a|a d
040 ## - CATALOGING SOURCE
- Original cataloging agency: Co-BoUCM
- Transcribing agency: Co-BoUCM
100 ## - HEADING--PERSONAL NAME
- Personal name: Sangiorgio, Gianantonio da
- Dates associated with a name: 1439-1509
670 ## - SOURCE DATA FOUND
- Source citation: Work cat.: (Co-BoUCM): Sangiorgio, Gianantonio da 1439-1509, [Aurea et singularis lectura excellentissimi V.I. monarchae Domini Praepositi Mediolanensis, Super quarto Decretalium, [1541]